Statistics for College Football Cities: MAC

Click here to take the quiz!

General Stats

  • This quiz has been taken 10 times
  • The average score is 8 of 12

Answer Stats

SchoolCity% Correct
Western MichiganKalamazoo, MI
90%
____ StateKent, OH
80%
______Toledo, OH
80%
_______ _____Bowling Green, OH
70%
Miami (OH)Oxford, OH
70%
_____Akron, OH
60%
_______Buffalo, NY
60%
Ball StateMuncie, IN
60%
Eastern MichiganYpsilanti, MI
60%
OhioAthens, OH
50%
Northern IllinoisDeKalb, IL
50%
Central MichiganMount Pleasant, MI
50%

Score Distribution

Percentile by Number Answered

Percent of People with Each Score

Your Score History

You have not taken this quiz